00927nam a22002177a 4500003000200000005001700002008004100019050002400060100002900084245019400113260007100307300002600378500003600404504005600440650004500496650004500541700003000586700002900616700003500645700002900680020250213101552.0250211b xxu||||| |||| 00| 0 eng d aRA 427.8b.C67 2023 aAlao, Angelica Mariel S. aA correlation of self-care and self-efficacy levels among middle-aged essential workers in Metro Manila transitioning from the covid-19 pandemic. cAngelica Mariel S. Alao and four others  aLas Pinas CitybSouthville International School and Collegesc2023 axi, 144 pages;c28cm. aBachelor of Science in Nursing  aIncludes bibliographical references and appendices. aSelf-Care Practices—Essential Workers. aSelf-Efficacy—Post-Pandemic Workforce. aAma, Louise Francesca D.  aArceo, Maica Zussane O.  aAustria, Rianna marie Alexi A. aBalguma, Nicole Anne A.